000 00593nam a2200193 i 4500
001 27762
003 ES-MaACL
005 20230906153714.0
007 t|
008 030115s1970 sp ||||1| spa d
100 1 _aBanani, Bernard B.
_925156
245 1 0 _aRecintos acústicos para altavoces de alta fidelidad /
_cpor B. B. Banani ; [traducción de Carmen Cervera].
250 _a2ª ed.
260 _aMadrid :
_bParaninfo,
_c1970.
300 _a82 p. :
_bil. ;
_c17 cm.
650 4 _aAlta fidelidad.
_9165395
700 1 _aCervera, Carmen.
_937627
852 _aES-MaACL
_jC-47155
_bR.75837
999 _c27762
_d27762